The New Rules for Thriving in the Twenty- First Century: the passion economy/ (Record no. 177370)

MARC details
000 -LEADER
fixed length control field 00642nam a22001817a 4500
005 - DATE AND TIME OF LATEST TRANSACTION
control field 20210219123158.0
010 ## - LCCN (DPL NO)
LC control number ENG-129042
020 ## - INTERNATIONAL STANDARD BOOK NUMBER
Terms of availability 599.00
International Standard Book Number 978-1-4736-8366-2
035 ## - SYSTEM CONTROL NUMBER
System control number EN-112574
037 ## - SOURCE OF ACQUISITION
Source of stock number/acquisition DBAD/PUB
082 ## - DEWEY DECIMAL CLASSIFICATION NUMBER
Classification number 330.9
100 ## - MAIN ENTRY--PERSONAL NAME
Personal name Davidson, Adam
245 ## - TITLE STATEMENT
Title The New Rules for Thriving in the Twenty- First Century: the passion economy/
Statement of responsibility, etc Adam Davidson
260 ## - PUBLICATION, DISTRIBUTION, ETC. (IMPRINT)
Place of publication, distribution, etc Gurugram
Name of publisher, distributor, etc Hachette Book Publishing India Pvt. Ltd.
Date of publication, distribution, etc 2020
270 ## - ADDRESS
City Gurugram
Address 4th/5th Floors, Corporate Centre, Plot No- 94, Sec- 44
Postal code 122003
300 ## - PHYSICAL DESCRIPTION
Extent xxi+307p.
Dimensions 24cm(pbk)
Other physical details Including index.
942 ## - ADDED ENTRY ELEMENTS (KOHA)
Source of classification or shelving scheme Dewey Decimal Classification
Item type English Books
Classification part 330.9
Call number suffix DAV
Holdings
Withdrawn status Lost status Not for loan Collection code Home library Current library Date acquired Source of acquisition Cost, normal purchase price Full call number Barcode Copy number Cost, replacement price Koha item type
      Non-fiction Ashok Vihar Ashok Vihar 19/02/2021 DBAD/PUB 599.00 330.9 DAV EN-112574 1 599.00 English Books

© Delhi Public Library
Hit Counter
free hit counter